| 000 | 00688nam a2200193Ia 4500 | ||
|---|---|---|---|
| 008 | 151119s9999||||xx |||||||||||||| ||und|| | ||
| 082 | _a615.53 | ||
| 082 | _bGKKV25169 | ||
| 100 | _aनगर्सेकर सुरेश | ||
| 245 | _aफुलाव्दारे रोगनिवारण | ||
| 260 | _aमुंबई | ||
| 260 | _bमनोरमा प्रकाशन | ||
| 260 | _c2001 | ||
| 600 | _aनगर्सेकर सुरेश | ||
| 630 | _aफुलाव्दारे रोगनिवारण | ||
| 700 | _aनगर्सेकर सुरेश | ||
| 730 | _aफुलाव्दारे रोगनिवारण | ||
| 942 | _cBOOK | ||
| 999 |
_c1077710 _d1077707 |
||